Utilizacion de CDMA para brindar servicios inalambricos fijos

שמור ב:
מידע ביבליוגרפי
מחבר ראשי: Barrantes Chaves, Mario
פורמט: Tesis ספר
שפה:Undetermined
יצא לאור: 2003
נושאים:
> > > > CDMA
תגים: הוספת תג
אין תגיות, היה/י הראשונ/ה לתייג את הרשומה!

MARC

LEADER 00000nam a2200000Ia 4500
001 9181
008 140114s9999 xx 000 0 und d
100 |a Barrantes Chaves, Mario 
245 |a Utilizacion de CDMA para brindar servicios inalambricos fijos 
260 |c 2003 
500 |a NULL 
502 |a Escuela de ingenieria Electrica 
650 |z CDMA 
999 |c 12622  |d 12622